Responses for show #6726 - Monday, December 9, 2013

Contestants

[<< previous game]

Reem Fattouh, a web editor from Sudbury, Ontario, Canada

Murray Weiss, a literary manager from Woodmere, New York

Craig Cornish, Jr., a graduate student of history from Welcome, Maryland (whose 1-day cash winnings total $19,000)

[next game >>]

Jeopardy! Round responses

THE ____ OF ____
WHICH DIRECTION?
WE'RE HAVING A BARBECUE
PLEASE, NOT CHAPTER 11
(Alex: You have to name the book.)
YOU'RE SO VAGUE
YOU PROBABLY THINK THIS SONG IS ABOUT YOU
    $200 1
(Murray: Who is Robin Hood?)

the Sheriff of Nottingham

MurrayReem
    $200 2
West

Reem
    $200 16
corn

Craig
    $200 5
The Hunchback of Notre Dame

Craig
    $200 17
unknown

Craig
    $200 4
Sharona

Craig
    $400 14
the Sword of Damocles

Reem
    $400 3
(Craig: What is North?)

East

CraigReem
    $400 24
shish kabobs

Murray
    $400 6
Animal Farm

Reem
    $400 18
Fuzzy

Reem
    $400 10
Layla

Reem
    $600 15
the Board of Education (the Department of Education accepted)

Murray
    $600 28
(Murray: What is North?)

South

CraigMurray
    $600 25
(Craig: What is a skewer?)

a rotisserie

CraigReem
    $600 7
Heart of Darkness

Craig
    $600 19
obscure

Craig
    $600 11
Alanis Morrisette

Reem
    $800 22
the Festival of Lights

Craig
    $800 29
North

Craig
    $800 26
baby back ribs

Triple Stumper
    $1,000 8
The Great Gatsby

Craig
    $800 20
ambiguous

Craig
    $800 12
Peter Gabriel

Reem
    $1000 23
the Gulf of Tonkin

Craig
    $1000 30
Northwest

Craig
    $1000 27
a chimney starter

Triple Stumper
    $1000 9
Lolita

Craig
    $1000 21
Blur

Reem
    $1000 13
Toto

Craig

Scores at the first commercial break (after clue 15):

Craig Murray Reem
$3,600 $400 $3,400

Scores at the end of the Jeopardy! Round:

Craig Murray Reem
$9,000 $200 $5,400

Double Jeopardy! Round responses

PERIODIC TABLE FOR 5
MYTHING PERSONS
NOW THAT'S COMEDY
A TIP O' THE "HUN"
MILITARY GOVERNORS
NATIONALITEASE
(Alex: Each response will be two words. I'll give you an example. "What is Spanish moss?")
    $400 10
neon

Murray
    $400 2
Pan

Craig
    $400 1
Beverly Hills Cop

Craig
    $400 13
a hunch

Craig
    $400 20
Eisenhower

Reem
    $400 18
(Murray: What is Swiss cheese?)

a Swiss miss

Murray
Triple Stumper
    $800 11
gold

Craig
    $800 3
Prometheus

Craig
    $800 7
Robin Williams

Reem
    $800 14
a bounty hunter

Reem
    $800 21
(Andrew) Jackson

Craig
    $800 19
American graffiti

Triple Stumper
    $1200 28
carbon

Reem
    $1200 4
Medusa

Reem
    $1200 8
Ace Ventura

Craig
    $1200 15
chunky

Craig
    $1200 22
New Orleans

Triple Stumper
    $1200 23
a French fry

Craig
    $1600 29
calcium

Reem
    $1600 5
Osiris

Craig
    $1600 9
(Murray: What's The Mary Tyler Moore Show?)

That Girl

Murray
Triple Stumper
    $1600 16
thundersticks

Murray
    $1600 24
the Panama (Canal) Zone

Craig
    $1600 26
a Canadian club

Triple Stumper
    $2,000 30
(Reem: What is tungsten?)
(Alex: No. I thought that because you're from Sudbury... Sudbury, which was once the [*] capital of the world.)

nickel

Reem
    $5,000 6
Janus

Craig
    $2000 12
Modern Times

Craig
    $2000 17
a hunger strike

Reem
    $2000 25
(John C.) Fremont

Craig
    $2000 27
(Murray: What is an Irish coffee?)
(Craig: What is an Irish spring?)

an Irish setter

CraigMurray
Triple Stumper

Scores at the end of the Double Jeopardy! Round:

Craig Murray Reem
$26,400 -$1,800 $11,400
(lock game)

[wagering suggestions for these scores]

Final Jeopardy! Round responses

U.S. PRESIDENTS
(Alex: [*], who grew up in a Dutch community in Kinderhook, New York.)
ReemWho is Truman
$3,600
CraigWho was Van Buren?
$1,400
Martin Van Buren

Final scores:

Craig Murray Reem
$27,800 -$1,800 $7,800
2-day champion: $46,800 3rd place: $1,000 2nd place: $2,000

Game dynamics:

Coryat scores:

Craig Murray Reem
$23,200 -$1,800 $13,400
29 R
(including 2 DDs),
3 W
4 R,
5 W
18 R,
1 W
(including 1 DD)

Combined Coryat: $34,800

The J! Archive is created by fans, for fans. The Jeopardy! game show and all elements thereof, including but not limited to copyright and trademark thereto, are the property of Jeopardy Productions, Inc. and are protected under law. This website is not affiliated with, sponsored by, or operated by Jeopardy Productions, Inc. Join the discussion at JBoard.tv.